000 04106nam a22002537a 4500
003 GR-AtMCL
005 20251209115241.0
006 a|||||r|||||||||||
008 s2022 gr a 000 0 gre d
020 _a9789600124132
040 _aGR-AtMCL
_bgre
_dGR-AtMCL
_eAACR2
100 _aFletcher, Sue
_910170
240 1 0 _aAutism: a new introduction to psychological theory and current debates .
_lGreek
245 1 0 _aΑυτισμός :
_bΜια νέα εισαγωγή στην ψυχολογική θεωρία και σύγχρονες απόψεις /
_cSue Fletcher ,Francesca Happe ; μετάφραση, εισαγωγή, επιμέλεια, γλωσσάρι, συμπληρωματική βιβλιογραφία, κλίμακες διάγνωσης και αξιολογήσης Δημήτρης Π. Στασινός.
260 _aΑθήνα :
_bGutenberg,
_c2022.
300 _a314 σ. :
_c24 εκ.
500 _aΜετάφραση του: Autism : a new introduction to psychological theory and current debates.
520 _aΤο βιβλίο των Sue Fletcher-Watson και Francesca Happe είναι μια αναθεωρημένη έκδοση και συνιστά ένα αξιοσημείωτο εγχείρημα που στοχεύει σε μια εύληπτη, απλή και περιεκτική εισαγωγή στην ψυχολογική θεωρία και στις σύγχρονες απόψεις που αφορούν τον χώρο της διαταραχής του αυτισμού. Στο οικείο εγχείρημα επισημαίνονται οι σημαντικές πρόοδοι και αντιπαραθέσεις που έχουν σημειωθεί στην ψυχολογική έρευνα για την εν λόγω διαταραχή. Το πλέον ενδιαφέρον και καινοτόμο στοιχείο που διέπει αυτή την έκδοση είναι η πρόταξη σε κάθε κεφάλαιο ορισμένων έξυπνων σκίτσων με λεζάντες που προϊδεάζουν τον αναγνώστη για το κείμενο που ακολουθεί, καθώς και η παράθεση εμπειριών και σχολίων αυτιστικών ατόμων στο τέλος κάθε κεφαλαίου. Η εστίαση του εγχειρήματος αυτού βρίσκεται περισσότερο στο γνωστικό επίπεδο ερμηνείας του αυτισμού, σε μια προσπάθεια κριτικής ανάλυσης της επίδρασης που η ψυχολογική έρευνα ασκεί στη ζωή των ατόμων με αυτισμό, στις οικογένειές τους και στην κοινότητά τους. Διανοίγεται έτσι ένα νέο πεδίο έρευνας στον χώρο αυτό με επίκεντρο την ακόμη νέα έννοια της νευροετερότητας (neurodiversity). Το παρόν βιβλίο συνιστά πράγματι ένα αξιοσημείωτο επίτευγμα, ενώ συνοδεύεται και από κριτικές επιφανών επιστημόνων στον οικείο χώρο και εκτιμάται ότι θα καταστεί ένα κλασικό βιβλίο για τον αυτισμό διανθισμένο με το απαράμιλλο στοιχείο της αμεσότητας. Πρόκειται για ένα ενδιαφέρον ανάγνωσμα για όλους εκείνους που μελετούν ή ζουν με αυτισμό και για όσους εργάζονται με αυτιστικά άτομα. Η έκδοση στην ελληνική γλώσσα αποτελεί σημαντική προσφορά στη σύγχρονη βιβλιογραφία για το φάσμα του αυτισμού.
650 0 _aΨυχολογία
_99898
650 0 _aΑυτισμός
_910171
700 1 _aHappé, Francesca
_95407
942 _cBK
999 _c9981
_d9981